Etika Níkomachova /

Enregistré dans:
Détails bibliographiques
Auteur principal: Aristoteles (Auteur)
Autres auteurs: Kříž, Antonín (Traducteur)
Format: Livre
Langue:tchèque
Publié: Praha : Petr Rezek, 2013
Édition:4. vydanie
Sujets:
Tags: Ajouter un tag
Pas de tags, Soyez le premier à ajouter un tag!

MARC

LEADER 00000nam a22000003a 4500
001 0022189
003 SK-STU
005 20170216120700.5
007 ta
008 170216s ----xo-----e------000-0-----d
020 |a 978-80-86207-35-3 
040 |a STU  |b slo 
041 0 |a cze 
044 |a xr 
100 1 |a Aristoteles  |4 aut 
245 1 0 |a Etika Níkomachova /  |c aut. Aristoteles, trl. Antonín Kříž 
250 |a 4. vydanie 
260 |a Praha :  |b Petr Rezek,  |c 2013 
300 |a 303 s. 
650 0 7 |a filozofia 
650 0 7 |a etika 
700 1 |a Kříž, Antonín  |4 trl 
996 |b 284AU06902  |c A* 10030/U  |l AAKNST  |s P  |a 0  |w 0022189_0001